MARC

LEADER 00000nam0a2200000 4500
001 360840
005 20250211063216.0
035 |a (RuTPU)RU\TPU\retro\18166 
035 |a RU\TPU\retro\18164 
090 |a 360840 
100 |a 20210514d1975 k y0rusy5003 ca 
101 0 |a rus 
102 |a RU 
105 |a y z 001zy 
200 1 |a Исследование физических процессов в современных парогенераторах  |e [тематический сборник]  |f Московский энергетический институт ; под ред. А. П. Ковалева ; под ред. Н. С. Лелеева 
210 |a Москва  |c Изд-во МЭИ  |d 1975 
215 |a 153 с.  |c табл., ил. 
225 1 |a Труды Московского энергетического института (МЭИ)  |v Вып. 269 
320 |a Библиогр. в конце ст. 
500 1 0 |a Труды Московского энергетического института  |9 88841 
606 1 |a Парогенераторы  |x Исследование  |2 stltpush  |3 (RuTPU)RU\TPU\subj\48293  |9 67169 
610 1 |a парогенераторостроение 
610 1 |a перспективы развития 
610 1 |a самовоспламенение 
610 1 |a твердое топливо 
610 1 |a горение 
610 1 |a турбулентные струи 
610 1 |a сернистые мазуты 
610 1 |a топочные камеры 
610 1 |a шлакование 
610 1 |a горелочные устройства 
610 1 |a параллельные структуры 
610 1 |a парогенераторы 
610 1 |a расчеты 
610 1 |a нестационарные течения 
610 1 |a котельная сталь 
610 1 |a разрушение 
610 1 |a ползучесть 
675 |a 621.181.001  |v 3 
702 1 |a Ковалев  |b А. П.  |4 340 
702 1 |a Лелеев  |b Н. С.  |4 340 
712 0 2 |a Московский энергетический институт  |c (1930-1992)  |3 (RuTPU)RU\TPU\col\20092  |9 27693 
801 0 |a RU  |b 63413507  |c 19950704  |g psbo 
801 1 |a RU  |b 63413507  |c 20060118  |g PSBO 
801 2 |a RU  |b 63413507  |c 20220210  |g PSBO 
942 |c BK